000 01389cam a2200289 a 4500
001 12710593
005 20031023151810.0
008 020319s2002 okuaf b 001 0 eng
010 _a 2002275755
020 _a9780878148257
040 _aDLC
_cDLC
_dDLC
050 0 0 _aTN871.35
_b.J64 2002
082 0 0 _a622.18282
_222
_bJOH
100 1 _aJohnson, David E.
_q(David Earl)
_99274
245 1 0 _aWell Logging in Nontechnical Language /
_cDavid E. Johnson & Kathryne E. Pile.
250 _a2nd ed.
260 _aTulsa, Okla. :
_bPennWell Pub.,
_cc2006
300 _axvii, 289 p., [7] folded leaves of plates :
_bill. ;
_c24 cm.
504 _aIncludes bibliographical references and index.
650 0 _aOil well logging.
_99275
700 1 _aPile, Kathryne E.
_99276
856 4 1 _3Table of contents
_uhttp://www.loc.gov/catdir/toc/fy022/2002275755.html
942 _2ddc
_cNB
999 _c12889
_d12889